Les préfectures sans .... ou avec... (5) - Statistiques

Statistiques générales
  • Ce quiz a été pris 32 fois
  • Le résultat moyen est 76 sur 97
Statistiques - réponses
Hint Réponse % Correct
Avec la lettre O La Rochelle
92%
Avec la lettre H La Rochelle
92%
Avec la lettre O La Roche-sur-Yon
92%
Avec la lettre H La Roche-sur-Yon
92%
Avec la lettre O Montpellier
92%
Avec la lettre I Montpellier
92%
Avec la lettre Q Quimper
92%
Avec la lettre I Quimper
92%
Avec la lettre O Bourg-en-Bresse
88%
Avec la lettre O Limoges
88%
Avec la lettre I Limoges
88%
Avec la lettre O Lyon
88%
Avec la lettre O Montauban
88%
Avec la lettre I Nice
88%
Avec la lettre I Paris
88%
Avec la lettre O Poitiers
88%
Avec la lettre I Poitiers
88%
Avec la lettre O Strasbourg
88%
Avec la lettre O Toulon
88%
Avec la lettre O Ajaccio
83%
Avec la lettre J Ajaccio
83%
Avec la lettre I Ajaccio
83%
Avec la lettre I Amiens
83%
Avec la lettre O Avignon
83%
Avec la lettre O Besançon
83%
Avec la lettre O Blois
83%
Avec la lettre I Blois
83%
Avec la lettre O Bobigny
83%
Avec la lettre I Bobigny
83%
Avec la lettre O Bordeaux
83%
Avec la lettre O Bourges
83%
Avec la lettre O Châlons-en-Champagne
83%
Avec la lettre H Châlons-en-Champagne
83%
Avec la lettre O Colmar
83%
Avec la lettre O Dijon
83%
Avec la lettre J Dijon
83%
Avec la lettre I Dijon
83%
Avec la lettre O Fort-de-France
83%
Avec la lettre F Fort-de-France
83%
Avec la lettre I Lille
83%
Avec la lettre I Marseille
83%
Avec la lettre O Mont-de-Marsan
83%
Avec la lettre I Nîmes
83%
Avec la lettre O Orléans
83%
Avec la lettre I Perpignan
83%
Avec la lettre O Saint-Lô
83%
Avec la lettre I Saint-Lô
83%
Avec la lettre O Toulouse
83%
Avec la lettre I Bastia
79%
Avec la lettre O Belfort
79%
Avec la lettre F Belfort
79%
Avec la lettre I Charleville-Mézières
79%
Avec la lettre H Charleville-Mézières
79%
Avec la lettre O Châteauroux
79%
Avec la lettre H Châteauroux
79%
Avec la lettre O Chaumont
79%
Avec la lettre H Chaumont
79%
Avec la lettre O Clermont-Ferrand
79%
Avec la lettre F Clermont-Ferrand
79%
Avec la lettre O Niort
79%
Avec la lettre I Niort
79%
Avec la lettre I Saint-Étienne
79%
Avec la lettre O Alençon
75%
Avec la lettre O Cahors
75%
Avec la lettre H Cahors
75%
Avec la lettre O Foix
75%
Avec la lettre I Foix
75%
Avec la lettre F Foix
75%
Avec la lettre O Grenoble
75%
Avec la lettre O Laon
75%
Avec la lettre O Mâcon
75%
Avec la lettre O Mamoudzou
75%
Avec la lettre O Moulins
75%
Avec la lettre I Moulins
75%
Avec la lettre O Rouen
75%
Avec la lettre I Saint-Denis
75%
Avec la lettre O Tours
75%
Avec la lettre I Albi
71%
Avec la lettre I Aurillac
71%
Avec la lettre O Carcassonne
71%
Avec la lettre O Lons-le-Saunier
71%
Avec la lettre I Lons-le-Saunier
71%
Avec la lettre I Saint-Brieuc
71%
Avec la lettre O Troyes
71%
Avec la lettre I Versailles
71%
Avec la lettre O Angoulême
67%
Avec la lettre I Beauvais
67%
Avec la lettre I Créteil
67%
Avec la lettre O Rodez
67%
Avec la lettre H Chambéry
63%
Avec la lettre I Digne-les-Bains
63%
Avec la lettre I Privas
58%
Avec la lettre O Évry-Courcouronnes
54%
Avec la lettre I Périgueux
54%
Avec la lettre H Auch
50%
Avec la lettre H Chartres
50%
Avec la lettre I Épinal
42%
Aucun quiz correspondant
Distribution des résultats
% des personnes avec chaque résultat
Percentile par nombre de réponses
Votre historique - résultats
Vous n’avez pas pris ce quiz